000 00780nam a2200241Ia 4500
003 OSt
005 20220925203347.0
006 a|||||r|||| 00| 0
007 ta
008 220923b |||||||| |||| 00| 0 eng d
020 _a0822336820
037 _b6608, 20/10/2006, Elite Publisher Distributors
_cGeneral Book
040 _aRTL
_cRTL
_beng
041 _2eng
_aeng
082 _aY:3(NA,6), P6
100 _aCarrier David
_951602
245 0 _aMuseum skepticism
_b a history of the display of art
260 _aDurham
_bDuke University Press
_c2006
300 _axiii, 313p
_ccm.
500 _aBibliography: P 269-304
942 _hY:3(NA,6), P6
_cGB
_2CC
999 _c546102
_d546102